[Event "Krefeld Pfingsten op"]
[Site "Krefeld"]
[Date "2025.06.06"]
[Round "1"]
[White "Goldkuhle, Collin"]
[Black "Schuering, Jonas"]
[Result "1-0"]
[WhiteElo "2059"]
[BlackElo "1670"]
[PlyCount "89"]
[EventDate "2025.06.06"]
[EventType "swiss"]
[EventRounds "9"]
[EventCountry "GER"]
[SourceTitle "CB24_2025"]
[SourceDate "2025.06.11"]
[SourceVersion "1"]
[SourceVersionDate "2025.06.11"]
[SourceQuality "1"]

1. c4 Nf6 2. g3 g6 3. Bg2 Bg7 4. Nc3 d6 5. e4 Nc6 6. Nge2 0-0 7. 0-0 e5 8. h3 Nd7 9. d3 Nc5 10. Be3 Ne6 11. Qd2 Ned4 12. Bxd4 Nxd4 13. Nxd4 exd4 14. Ne2 c6 15. g4 Qh4 16. f4 h5 17. f5 hxg4 18. Qf4 Bh6 19. Qxg4 Be3+ 20. Kh2 Qxg4 21. hxg4 g5 22. f6 Bxg4 23. Bf3 Bxf3 24. Rxf3 Kh7 25. Kg2 Kg6 26. Rh1 Rh8 27. Rxh8 Rxh8 28. b4 Rh4 29. Rf5 Bf4 30. c5 Rh2+ 31. Kf1 dxc5 32. bxc5 Be3 33. Rf3 g4 34. Rf5 Rxe2 35. Kxe2 g3 36. Kf3 Bf2 37. a4 a5 38. Kg2 Be1 39. Kf1 Bf2 40. Kg2 Be1 41. Kh3 Bf2 42. Rf3 Be1 43. e5 Bb4 44. e6 fxe6 45. f7 1-0

[Event "Wiesbaden op 32nd"]
[Site "Wiesbaden"]
[Date "2023.08.25"]
[Round "3"]
[White "Bartsch, Marius"]
[Black "Schuering, Jonas"]
[Result "1/2-1/2"]
[WhiteElo "1591"]
[BlackElo "1451"]
[PlyCount "58"]
[EventDate "2023.08.24"]
[EventType "swiss"]
[EventRounds "7"]
[EventCountry "GER"]
[SourceTitle "CBM 216 Extra"]
[Source "ChessBase"]
[SourceDate "2023.11.30"]
[SourceVersion "1"]
[SourceVersionDate "2023.11.30"]
[SourceQuality "1"]

1. e4 e5 2. Nf3 Nf6 3. d3 Bc5 4. Be2 d6 5. c3 h6 6. 0-0 0-0 7. a4 a5 8. Na3 c6 9. Nc2 Qb6 10. d4 Bxd4 11. cxd4 exd4 12. Qxd4 c5 13. Qe3 Re8 14. Nd2 d5 15. e5 Nc6 16. f4 Bf5 17. Qf2 Ng4 18. Bxg4 Bxg4 19. Ne3 Be6 20. f5 Bd7 21. Nxd5 Qd8 22. Nf3 Bxf5 23. Qxc5 Nxe5 24. Nc3 Nxf3+ 25. Rxf3 Re1+ 26. Rf1 Rxf1+ 27. Kxf1 Qd3+ 28. Kg1 Re8 29. Bf4 Bg4 1/2-1/2